000 01430nam0a2200337 4500
001 RU\NLR\BIBL_A\012635260
005 20211227151221.0
010 _a978-5-6042487-3-7
021 _aRU
_bКН-П-21-042493
_9КН-П-21-3344
035 _a(NLR Aleph) 012635260
090 _a12679344
_c12679344
100 _a20211029d2021 u y0rusy50 ca
101 0 _arus
102 _aRU
105 _aa|||z|||000ay
181 0 _ai3
_baxxe
181 0 _ab1
_bbb2e
182 0 _an
200 1 _aПриключения Гастона и его друзей
_fКира Ай
_gрисунки: Кира Ай
203 _aТекст
_bвизуальный
_cнепосредственный
210 _aМосква
_cКира Ай
_d2021
215 _a91, [1] с.
_cцв. ил.
_d22
327 1 _aСодерж.: Приключения Гастона и его друзей; Гастон с друзьями наярмарке; Как Филип познакомился с Гастоном; Рождество с Филипом на маяке
686 0 _aШ9(2)62=Р7-2
700 0 _aКира Ай
_cпсевдоним
_3RU\NLR\AUTH\770237482
702 0 _aКира Ай
_cпсевдоним
_3RU\NLR\AUTH\770237482
_4440
942 _cBOOK
980 _aNB